<?xml version="1.0" encoding="UTF-8"?>
<marc:record xmlns:marc="http://www.loc.gov/MARC21/slim">
   <marc:leader>00000nam a2200000 a 4500</marc:leader>
   <marc:datafield ind1="1" ind2=" " tag="100">
      <marc:subfield code="a">Obrecht, Bettina</marc:subfield>
      <marc:subfield code="4">aut</marc:subfield>
      <marc:subfield code="e">Verfasser/-in</marc:subfield>
   </marc:datafield>
   <marc:datafield ind1="0" ind2="0" tag="245">
      <marc:subfield code="a">Willkommen zurück, Opa!</marc:subfield>
   </marc:datafield>
   <marc:datafield ind1=" " ind2="1" tag="264">
      <marc:subfield code="b">Gabriel</marc:subfield>
      <marc:subfield code="c">2010</marc:subfield>
   </marc:datafield>
   <marc:datafield ind1="1" ind2=" " tag="520">
      <marc:subfield code="a">Angaben aus der Verlagsmeldung  Willkommen zurück, Opa! / von Bettina Obrecht  Opa Paul ist wieder da - endlich! Lisa hat ihn so vermisst. Wer sonst beschützt sie mutig vor Insekten, findet in seiner Werkstatt für alles eine Lösung und ist für jeden Spaß zu haben? Nur leider ist alles gar nicht mehr so wie früher. Ihr Opa ist auf Hilfe angewiesen und oft hat er eine Stinklaune deswegen. Na, das können ja tolle Sommerferien werden! Doch dann hat Lisa eine geniale Idee, um die Ferien zu retten und ein ganz klein wenig auch Opa Paul. Ob ihr Plan wohl aufgeht? Einfühlsame Geschichte für junge Leser ab 10 Jahren</marc:subfield>
   </marc:datafield>
   <marc:datafield ind1=" " ind2=" " tag="020">
      <marc:subfield code="a">9783522301671</marc:subfield>
      <marc:subfield code="9">9783522301671</marc:subfield>
   </marc:datafield>
</marc:record>
